Sagirovi stačil na zlato jediný pokus 84. ME mužov a 18. ME žien vo vzpieraní: Ondrej Kutlík druhý (o 80 gramov) v B-skupine, musí čakať do dneška

Bibliographic Details
Main Author: Račko, Peter (Author)
Format: Article
Language:Slovak
PhysicalDescription:Tab.
ISSN:0139-7001
Subjects:

MARC

LEADER 00000nab a2200000 a 4500
001 vtls001562810
003 SK-MaSNL
005 20260303075002.0
008 160318c20050423xo dr|p|||||||000 b|slo
015 |a SNBRB2005/04  |2 snkbucl 
038 |a SNKBUCL 
040 |a SNKBUCL  |b slo  |c SNKBUCL  |e AACR2 
041 0 |a slo 
044 |a xo  |c SK 
080 |a 796.88.093.1  |x (4)  |2 UDC-MRF-SK2 
100 1 |a Račko, Peter  |4 aut  |9 319492 
245 1 0 |a Sagirovi stačil na zlato jediný pokus  |b 84. ME mužov a 18. ME žien vo vzpieraní: Ondrej Kutlík druhý (o 80 gramov) v B-skupine, musí čakať do dneška  |c Peter Račko 
300 |b Tab. 
611 2 7 |a Majstrovstvá Európy mužov vo vzpieraní  |n (84. :  |d 2005  |c Sofia, Bulharsko)  |2 snkbucl  |9 1078745 
611 2 7 |a Majstrovstvá Európy žien vo vzpieraní  |n (18. :  |d 2005  |c Sofia, Bulharsko)  |2 snkbucl  |9 1078746 
650 0 7 |a vzpieranie  |2 snkbucl  |9 3253 
773 0 |t Šport  |g Roč. 59, č. 93 (23.4.2005), s. 36  |x 0139-7001 
852 |a SNK  |b KIS3GCP 
958 |a BG 
999 |c 1773821  |d 1775751